Investment Property Forum UK consensus forecasts, survey of independent forecasts for UK commercial property investment (Record no. 110536)
[ view plain ]
| 000 -LEADER | |
|---|---|
| fixed length control field | 01203cad a22002295a 4500 |
| 001 - CONTROL NUMBER | |
| control field | E149550 |
| 008 - FIXED-LENGTH DATA ELEMENTS--GENERAL INFORMATION | |
| fixed length control field | 100318s2010 xxk f 000 0 eng d |
| 035 ## - SYSTEM CONTROL NUMBER | |
| System control number | (Sirsi) u149550 |
| 041 0# - LANGUAGE CODE | |
| Language code of text/sound track or separate title | eng |
| 050 04 - LIBRARY OF CONGRESS CALL NUMBER | |
| Classification number | 333.32 $2 18 |
| 110 2# - MAIN ENTRY--CORPORATE NAME | |
| Corporate name or jurisdiction name as entry element | Investment Property Forum |
| 9 (RLIN) | 2112 |
| 245 00 - TITLE STATEMENT | |
| Title | Investment Property Forum UK consensus forecasts, survey of independent forecasts for UK commercial property investment |
| Remainder of title | summary report, February 2010 |
| Medium | [electronic resource] |
| 260 ## - PUBLICATION, DISTRIBUTION, ETC. | |
| Place of publication, distribution, etc. | London |
| Name of publisher, distributor, etc. | IPF |
| Date of publication, distribution, etc. | 2010 |
| 520 ## - SUMMARY, ETC. | |
| Summary, etc. | This forecast report for Q1 2010 suggests a more optimistic outlook over the next three to five years, with the All Property total return for 2010 improving from a forecast of 10% to 13.4%. Capital value growth forecasts have improved strongly, however rental value growth is only expected to improve slightly. |
| 521 ## - TARGET AUDIENCE NOTE | |
| Target audience note | Advanced |
| 590 ## - LOCAL NOTE (RLIN) | |
| Local note | KA |
| 650 24 - SUBJECT ADDED ENTRY--TOPICAL TERM | |
| Topical term or geographic name entry element | IPF CONSENSUS FORECAST SURVEY |
| 651 #4 - SUBJECT ADDED ENTRY--GEOGRAPHIC NAME | |
| Geographic name | United Kingdom |
| Chronological subdivision | |
| 690 ## - LOCAL SUBJECT ADDED ENTRY--TOPICAL TERM (OCLC, RLIN) | |
| Topical term or geographic name as entry element | PROPERTY-COMMERCIAL PROPERTY-COMMERCIAL PROPERTY MARKET |
| 856 40 - ELECTRONIC LOCATION AND ACCESS | |
| Uniform Resource Identifier | <a href="https://www.ipf.org.uk/mainwebsite/generalcontent8ffa20e881efb5fc6521db79.aspx?map=eb5ac5da475549fedb91c00e0648968d">https://www.ipf.org.uk/mainwebsite/generalcontent8ffa20e881efb5fc6521db79.aspx?map=eb5ac5da475549fedb91c00e0648968d</a> |
| Public note | View the item free of charge at www.ipf.org.uk |
| 942 ## - ADDED ENTRY ELEMENTS (KOHA) | |
| Suppress in OPAC | 0 |
| Withdrawn status | Lost status | Source of classification or shelving scheme | Damaged status | Not for loan | Home library | Current library | Shelving location | Date acquired | Total Checkouts | Full call number | Barcode | Date last seen | Copy number | Price effective from | Koha item type |
|---|---|---|---|---|---|---|---|---|---|---|---|---|---|---|---|
| Dewey Decimal Classification | Virtual | Virtual | Online | 18/03/2010 | ONLINE PUBLICATION | 149550-2001 | 06/08/2019 | 1 | 06/08/2019 | Book |